अदृश्य चित्र (Record no. 1250111)

MARC details
000 -LEADER
fixed length control field 00638nam a2200193Ia 4500
008 - FIXED-LENGTH DATA ELEMENTS--GENERAL INFORMATION
fixed length control field 151121s9999||||xx |||||||||||||| ||und||
082 ## - DEWEY DECIMAL CLASSIFICATION NUMBER
Classification number 833-/शर्मा
082 ## - DEWEY DECIMAL CLASSIFICATION NUMBER
Item number HNW-68617
100 ## - MAIN ENTRY--PERSONAL NAME
Personal name शर्मा ओंकारनाथ
245 ## - TITLE STATEMENT
Title अदृश्य चित्र
260 ## - PUBLICATION, DISTRIBUTION, ETC. (IMPRINT)
Name of publisher, distributor, etc "प्रणव प्रकाशन, सोलापूर"
260 ## - PUBLICATION, DISTRIBUTION, ETC. (IMPRINT)
Date of publication, distribution, etc --
300 ## - PHYSICAL DESCRIPTION
Extent 127
600 ## - SUBJECT ADDED ENTRY--PERSONAL NAME
Personal name शर्मा ओंकारनाथ
630 ## - SUBJECT ADDED ENTRY--UNIFORM TITLE
Uniform title अदृश्य चित्र
700 ## - ADDED ENTRY--PERSONAL NAME
Personal name शर्मा ओंकारनाथ
730 ## - ADDED ENTRY--UNIFORM TITLE
Uniform title अदृश्य चित्र
942 ## - ADDED ENTRY ELEMENTS (KOHA)
Koha item type Book
Holdings
Withdrawn status Lost status Damaged status Not for loan Home library Current library Date acquired Cost, normal purchase price Total Checkouts Full call number Barcode Date last seen Cost, replacement price Price effective from Koha item type
        Hirachand Nemchand Wachanalaya, Solapur Hirachand Nemchand Wachanalaya, Solapur 11/21/2015 101.00   HNW-68617 HNW-68617 11/21/2015 101.00 11/21/2015 Book